| 000 | 00597nam a2200217Ia 4500 | ||
|---|---|---|---|
| 003 | OSt | ||
| 005 | 20220928111313.0 | ||
| 006 | a|||||r|||| 00| 0 | ||
| 007 | ta | ||
| 008 | 220927b |||||||| |||| 00| 0 eng d | ||
| 024 | _a25397 | ||
| 037 | _cReference Collections | ||
| 040 |
_aSDCL _cSDCL _beng |
||
| 041 |
_2eng _aeng |
||
| 082 | _aMYn3,N49, M5 RR | ||
| 245 | 0 | _aOFFICIAL RUELS of sports and games 1985-86. | |
| 260 |
_aKingswood _bKaye & Ward _c1985 |
||
| 300 |
_a723p _ccm. |
||
| 942 |
_hMYn3,N49, M5 RR _cREF _2CC |
||
| 999 |
_c739590 _d739590 |
||